| 000 | 00643nam a22001937a 4500 | ||
|---|---|---|---|
| 005 | 20260427125123.0 | ||
| 010 | _aENG-147849 | ||
| 020 |
_a9789371360494 _c465.00 |
||
| 035 | _aEN-131381 | ||
| 037 | _bDBAD | ||
| 082 | _a540.076 | ||
| 245 | _aNEET 2026 Crash Course Biology | ||
| 250 | _a1 | ||
| 260 |
_aUttar Pradesh _bPearson India Education Services _c2026 |
||
| 270 |
_a15th Flooor, Tower-B, World Trade Tower, Plot No. 1, Block-C, Sector-16 _bNoida _e201301 _mcompanysecretary.india@pearson.com |
||
| 300 |
_avp. _c25cm(pb) |
||
| 500 | _a A Complete Guide for NEET (UG) Aspirants | ||
| 942 |
_2ddc _cEN _h540.076 _mNEE |
||
| 999 |
_c215984 _d215984 |
||